000 nam a22 7a 4500
999 _c9405
_d9405
008 180129b ||||| |||| 00| 0 eng d
100 _aKundra S K
_95627
245 _aCBSE Quest bank in Science - IX
260 _aDelhi
_bRohit Publication
_c2007